00355nam a2200133Ia 4500008004100000020001500041041001200056082002600068100002500094245004000119260002700159300001600186650001900202231217s9999 xx 000 0 und d a8178810905 aEnglish a338.4362138 VED;1 R aVedpuriswar, A V ed. 0aJapan : in search of a new paradigm c2002bIcfaiaHyderabad aiv, 190+A15 aJapan,paradigm